banner-ar

السموم : (Record no. 6514)

MARC details
000 -الفاتح
حقل البيانات ثابتة الطول 00779nam a2200229Ia 4500
008 - عناصر البيانات ثابتة الطول - معلومات عامة
حقل البيانات ثابتة الطول 140319s9999 xx 000 0 ara d
040 ## - مصدر الفهرسة
وكالة الفهرسة الأصلية GCL /
وكالة النسخ GCL
082 04 - رقم تصنيف ديوى العشرى
رقم التصنيف 615.9
رقم المادة ش س
100 1# - المدخل الرئيسى - إسم شخصى
الإسم الشخصى شوقية مهنى عبد الجواد
245 10 - بيان العنوان
العنوان السموم :
بقية العنوان انواعها وكيفية مواجهتها /
بيان المسئوليه,etc شوقية مهنى عبد الجواد
250 ## - بيان الطبعة
بيان الطبعة الاولى
260 ## - PUBLICATION, DISTRIBUTION, ETC. (IMPRINT)
تاريخ النشر أو التوزيع 1996
300 ## - الوصف المادى
التعداد 138 ص ؛
أبعاد الوعاء 18 سم
490 ## - بيان السلسلة
عنوان السلسلة اعرف صحتك
رقم المجلد/ التعيين التسلسلي 0
650 04 - المدخل الاضافى بالموضوع-مصطلح موضوعى
مصطلح موضوعي العقاقير
650 04 - المدخل الاضافى بالموضوع-مصطلح موضوعى
مصطلح موضوعي السموم
650 04 - المدخل الاضافى بالموضوع-مصطلح موضوعى
مصطلح موضوعي التسمم
650 04 - المدخل الاضافى بالموضوع-مصطلح موضوعى
مصطلح موضوعي المواد الطبية
650 04 - المدخل الاضافى بالموضوع-مصطلح موضوعى
مصطلح موضوعي السموم - الاستخدام العلاجى
942 ## - عناصر المدخل الإضافي( كوها)
مصدر التصنيف او مخطط الترفيف Dewey Decimal Classification
Koha [default] item type كتاب
260 ## - PUBLICATION, DISTRIBUTION, ETC. (IMPRINT)
-- القاهرة :
-- مركز الاهرام للترجمة والنشر ،
Holdings
حالة التراجع حالة الفقد حالة تلف ليس للاعارة المكان المؤقت الموقع الحالى تاريخ الاكتساب اجمالي اﻻعارات رقم الطلب الباركود تاريخ اخر مشاهدة تاريخ تفعيل السعر نوع وعاء كوها
        مكتبة القاهرة الكبرى مكتبة القاهرة الكبرى 03/26/2014   615.9 \ ش س 13754 03/26/2014 03/26/2014 كتاب
        مكتبة القاهرة الكبرى مكتبة القاهرة الكبرى 03/26/2014   615.9 \ ش س 13755 03/26/2014 03/26/2014 كتاب

Powered By

EGPV